Biện pháp quản lý hoạt động theo Chuẩn kiến thức, kĩ năng ở các trường Tiểu học quận Ngũ Hành Sơn, thành phố Đà Nẵng

Cơ sở lí luận về quản lí hoạt động dạy học theo chuẩn kiến thức, kĩ năng của hiệu trưởng trường tiểu học; Thực trạng quản lí hoạt động dạy học theo chuẩn kiến thức, kĩ năng ở các trường tiểu học quận Ngũ Hành Sơn, thành phố Đà Nẵng; Các biện pháp quản lí hoạt động dạy học theo chuẩn kiến thức, kĩ nă...

Popoln opis

Shranjeno v:
Bibliografske podrobnosti
Glavni avtor: Trương Thị Yến Nga
Drugi avtorji: Phan Minh Tiến PGS.TS (Hướng dẫn)
Format: Knjiga
Izdano: Đà Nẵng Đại học Đà Nẵng 2012
Teme:
Oznake: Označite
Brez oznak, prvi označite!
Thư viện lưu trữ: Mạng thư viện Đại học Đà Nẵng
LEADER 02017nam a2200313 4500
001 000017814
003 14240
005 20130830100816.0
008 130610s2012 sd
082 |a 372.19201  |b TR-N 
100 |a Trương Thị Yến Nga 
245 |a Biện pháp quản lý hoạt động theo Chuẩn kiến thức, kĩ năng ở các trường Tiểu học quận Ngũ Hành Sơn, thành phố Đà Nẵng  |c Trương Thị Yến Nga ; Phan Minh Tiến hướng dẫn.  |k Luận văn Thạc sĩ 
260 |a Đà Nẵng  |b Đại học Đà Nẵng  |c 2012 
300 |a 104 tr., phụ lục 8 tr.  |c 29 cm.  |e CD + tóm tắt 
500 |a Luận văn thạc sĩ Giáo dục học. Chuyên ngành: Quản lý giáo dục. Mã số: 60.14.05. 
520 |a Cơ sở lí luận về quản lí hoạt động dạy học theo chuẩn kiến thức, kĩ năng của hiệu trưởng trường tiểu học; Thực trạng quản lí hoạt động dạy học theo chuẩn kiến thức, kĩ năng ở các trường tiểu học quận Ngũ Hành Sơn, thành phố Đà Nẵng; Các biện pháp quản lí hoạt động dạy học theo chuẩn kiến thức, kĩ năng ở các trường tiểu học quận Ngũ Hành Sơn, thành phố Đà Nẵng... 
650 0 4 |a Giáo dục Tiểu học  |v Luận văn tốt nghiệp  |x Hoạt động dạy học  |x Quản lý  |z Đà Nẵng 
653 |a Hoạt động dạy học  |a Giáo dục Tiểu học  |a Quản lý giáo dục 
700 |a Phan Minh Tiến  |c PGS.TS  |e Hướng dẫn 
OWN |a LSP 
AVA |a UDN50  |b LSP  |d 372.19201 TR-N  |e available  |t Error 5001 Not defined in file expand_doc_bib_avail.  |f 1  |g 0  |h N  |i 0  |k 1 
999 |a From the UDN01 
AVA |a UDN50  |b LSP  |d 372.19201 TR-N  |e available  |t Error 5001 Not defined in file expand_doc_bib_avail.  |f 1  |g 0  |h N  |i 0  |k 1 
TYP |a Monograph 
TYP |a Printed language 
980 |a Mạng thư viện Đại học Đà Nẵng